Dig for a planning victory. (Record no. 60979)
[ view plain ]
| 000 -LEADER | |
|---|---|
| fixed length control field | 00809cam a2200193 4500 |
| 001 - CONTROL NUMBER | |
| control field | ABS61257 |
| 008 - FIXED-LENGTH DATA ELEMENTS--GENERAL INFORMATION | |
| fixed length control field | 000000n 000 0 eng u |
| 035 ## - SYSTEM CONTROL NUMBER | |
| System control number | (Sirsi) u101874 |
| 100 ## - MAIN ENTRY--PERSONAL NAME | |
| Personal name | Castorina, G. |
| 245 ## - TITLE STATEMENT | |
| Title | Dig for a planning victory. |
| 490 ## - SERIES STATEMENT | |
| Series statement | Estates Gazette |
| Volume/sequential designation | (9936) 11 September 1999, 153-155(2) |
| 520 ## - SUMMARY, ETC. | |
| Summary, etc. | Gives an overview of the planning protection for archaeological remains in the context of a report commissioned by the Housing Corporation, Social housing development and archaeology. This suggests that the government's commitment to brownfield development will make the issue increasingly important. |
| 650 ## - SUBJECT ADDED ENTRY--TOPICAL TERM | |
| Topical term or geographic name entry element | ARCHAEOLOGICAL SITES |
| 650 ## - SUBJECT ADDED ENTRY--TOPICAL TERM | |
| Topical term or geographic name entry element | ANCIENT MONUMENTS |
| 650 ## - SUBJECT ADDED ENTRY--TOPICAL TERM | |
| Topical term or geographic name entry element | BROWNFIELD SITES |
| 690 ## - LOCAL SUBJECT ADDED ENTRY--TOPICAL TERM (OCLC, RLIN) | |
| Topical term or geographic name as entry element | PLANNING LAW AND PRACTICE |
| 700 ## - ADDED ENTRY--PERSONAL NAME | |
| Personal name | Piatt, A. |
| 942 ## - ADDED ENTRY ELEMENTS (KOHA) | |
| Suppress in OPAC | 0 |
| Withdrawn status | Lost status | Source of classification or shelving scheme | Damaged status | Not for loan | Home library | Current library | Shelving location | Date acquired | Total Checkouts | Full call number | Barcode | Date last seen | Copy number | Price effective from | Koha item type |
|---|---|---|---|---|---|---|---|---|---|---|---|---|---|---|---|
| Dewey Decimal Classification | London | London | Journal article | 11/11/1999 | ABS61257 | 101874-1001 | 06/08/2019 | 1 | 06/08/2019 | Journal article |